Szczegóły MARC21

Skrzydlate słowa : wielki słownik cytatów polskich i obcych. 2 /

003 -Nazwa inst., której nr kontr. jest w polu 001 [,]
    • @
    • Nazwa instytucji, której n kontrolny jest w polu 001
    • NUKAT
005 -DATA I CZAS OSTATNIEJ MODYFIKACJI [,]
    • @
    • pole kontrolne
    • 20241231090538.0
020 -Międzynarod. znormalizowany nr książki - ISBN [ , ]
    • a
    • Numer ISBN
    • 9788308050156 Find
040 -Instytucja sporządzająca opis [ , ]
    • a
    • Instytucja, która sporządziła opis (NP)
    • GD U/Doro
    • c
    • Instytucja, która sporządziła rekord (NP)
    • GD U/Doros
    • d
    • Instytucja, która zmodyfikowała rekord (P)
    • WA M/MZ
    • d
    • Instytucja, która zmodyfikowała rekord (P)
    • POZN U/JŁs
041 -Język dokumentu [1, ]
    • a
    • Język tekstu (P)
    • polski
    • h
    • Język tekstu oryginalnego i/lub pośredniego (P)
    • wielojęzyczny
942 -Rodzaj dokumentu [ , ]
    • c
    • Rodzaj dokumentu
    • Książka
245 -Strefa tytułu i oznaczenia odpowiedzialności [0,0]
    • a
    • Tytuł
    • Skrzydlate słowa : Find
    • b
    • Ciąg dalszy tytułu (NP)
    • wielki słownik cytatów polskich i obcych. Find
    • n
    • Oznaczenie części (P)
    • 2 /
    • c
    • Pozostałe elementy strefy tytułu i oznaczenia odpowiedzialności (NP)
    • oprac. Henryk Markiewicz ; przy współudz. Marii Kotowskiej-Kachel i Andrzeja Romanowskiego.
260 -Strefa adresu wydawniczego [ , ]
    • a
    • Miejsce wydania (P)
    • Kraków :
    • b
    • Nazwa wydawcy (P)
    • Wydawnictwo Literackie,
    • c
    • Data wydania (P)
    • 2012.
300 -Strefa opisu fizycznego [ , ]
    • a
    • Określenie formy książki i/lub objętość (NP)
    • 320, [3] s. ;
    • c
    • Format (NP)
    • 25 cm.
336 -Typ zawartości [ , ]
    • a
    • Termin opisujący typ zawartości
    • Tekst
    • b
    • Kod określający zawartość
    • txt
    • 2
    • Źródło (terminu i kodu)
    • rdacontent
337 -Typ mediów [ , ]
    • a
    • Tryb odtwarzania
    • Bez urządzenia pośredniczącego
    • b
    • Kod typu mediów
    • n
    • 2
    • Źródło (terminu i kodu)
    • rdamedia
338 -Typ/rodzaj nośnika [ , ]
    • a
    • Hasło opisujące typ nośnika
    • Wolumin
    • b
    • Kod typu nośnika
    • nc
    • 2
    • Źródło (terminu i kodu)
    • rdacarrier
504 -Uwaga dot. bibliogr. załącznikowej [ , ]
    • a
    • Uwaga dot. bibliografii załącznikowej
    • Indeksy.
080 -Uniwersalna Klasyfikacja Dziesiętna [ , ]
    • 2
    • Identyfikator wydania tablic
    • UDC-P058
    • 9
    • UKD
    • 6619
    • a
    • Symbol klasyfikacji
    • 82-84
    • b
    • Dopowiedzenie
    • Aforyzmy. Przysłowia. Złote myśli. Przypowieści. Cytaty.
    • 4
    • UKD2
    • 8450
    • x
    • Poddział wspólny
    • (082.2)
    • c
    • Dopowiedzenie poddz. wspólnego
    • (Antologie. Wypisy (różnych autorów). Cytaty. Fragmenty).
    • 4
    • UKD2
    • 7663
    • x
    • Poddział wspólny
    • (038)
    • c
    • Dopowiedzenie poddz. wspólnego
    • (Słowniki).
655 -Hasło w funkcji tematu formalnego [ ,7]
    • a
    • Hasło
    • Aforyzmy.
    • 2
    • Źródło terminu
    • kaba
    • 9
    • KHW
    • 100626
655 -Hasło w funkcji tematu formalnego [ ,7]
    • a
    • Hasło
    • Cytaty.
    • 2
    • Źródło terminu
    • kaba
    • 9
    • KHW
    • 190431
655 -Hasło w funkcji tematu formalnego [ ,7]
    • a
    • Hasło
    • Maksymy.
    • 2
    • Źródło terminu
    • kaba
    • 9
    • KHW
    • 190432
655 -Hasło w funkcji tematu formalnego [ ,7]
    • a
    • Hasło
    • Przysłowia.
    • 2
    • Źródło terminu
    • kaba
    • 9
    • KHW
    • 190433
980 -Symbol UKD [ , ]
    • a
    • UKD
    • 82-84(038)(082.2)
700 -Hasło dodatkowe - nazwa osobowa [1, ]
    • a
    • Nazwa osobowa (NP)
    • Markiewicz, Henryk Find
    • d
    • Daty biograficzne (NP)
    • (1922-2013).
    • e
    • Określenie rodzaju współpracy
    • Oprac.
    • 9
    • KHW
    • 69172
700 -Hasło dodatkowe - nazwa osobowa [1, ]
    • a
    • Nazwa osobowa (NP)
    • Romanowski, Andrzej Find
    • d
    • Daty biograficzne (NP)
    • (1951- ).
    • e
    • Określenie rodzaju współpracy
    • Oprac.
    • 9
    • KHW
    • 11106
700 -Hasło dodatkowe - nazwa osobowa [1, ]
    • a
    • Nazwa osobowa (NP)
    • Kotowska-Kachel, Maria. Find
    • e
    • Określenie rodzaju współpracy
    • Oprac.
    • 9
    • KHW
    • 69171
710 -Hasło dodatkowe - nazwa ciała zbiorowego [2, ]
    • a
    • Nazwa ciała zbiorowego lub nazwa geograficzna jako pierwszy element (NP)
    • Wydawnictwo Literackie.
    • 4
    • Kod relacji
    • pbl
    • 9
    • KHW
    • 53605
920 -ISBN [ , ]
    • a
    • ISBN
    • 978-83-08-05015-6 Find
Numer inwentarzowy Data inwentaryzacji Status udost. Sygnatura Lokalizacja
P.244352014-02-191POL. Przysłowia, aforyzmy 02BM